header

Border management modernization (Record no. 134615)

MARC details
000 -LEADER
fixed length control field 01108nam a2200301Ia 4500
245 00 - TITLE STATEMENT
Title Border management modernization
260 ## - PUBLICATION, DISTRIBUTION, ETC. (IMPRINT)
Place of publication Washington, D.C. :
Name of publisher World Bank,
Year of publication c2011.
300 ## - PHYSICAL DESCRIPTION
Number of Pages xii, 381 p. :
Other physical details ill.
650 #0 - SUBJECT ADDED ENTRY--TOPICAL TERM
Topical Term Border security.
Topical Term Boundaries.
Topical Term National security.
700 1# - ADDED ENTRY--PERSONAL NAME
Personal name McLinden, Gerard.
856 40 - ELECTRONIC LOCATION AND ACCESS
Uniform Resource Identifier http://site.ebrary.com/lib/rucke/Doc?id=10440506

No items available.

© 2026 Rongo University
Contact us: librarian | system librarian | Rongo university